000 00592aab a2200193 4500
001 768714001
003 CO-MdFUSB
005 20240613105048.0
008 170523s1999 cr ||||| |||| 00| 0 spa d
022 _a1409-1968
040 _aCO-MdFUSB
_bspa
_cCO-MdFUSB
_dCO-MdFUSB
041 _aspa
100 1 _aBlowes, Teresa
_eautor
245 1 0 _aGrupos en acción
_c/ Teresa Blowes
300 _aVolumen 16. Número 4 (1999), páginas 66-68
_c: 27 cm.
773 0 _tApuntes Pastorales
_049442
_960164
_gVolumen 16, número 4 (1999), páginas: 66-68
_qPágina 66
942 _cANA
945 _aJTF-925
999 _c59766
_d59766